000 00623nam a22002057a 4500
005 20240916093836.0
008 240916b |||||||| |||| 00| 0 eng d
020 _a9789355409454
040 _aIN-DiNC
_cIN-DiNC
041 _deng
082 _a332.6
_bJAI
100 _aJaiswal, Rajesh
_eauthor
245 _aIntroduction to investing and trading (3rd sem SEC)/
_cby Rajesh Jaiswal, Shankar Jyoti Doley and Papari Nayak
260 _aLudhiana:
_bKalyani publishers,
_c2024.
300 _a134p.
650 _aInvestment
700 _aDoley, Shankar Jyoti
_eauthor
700 _aNayak, Papari
_eauthor
942 _2ddc
_cBK
999 _c11954
_d11954